01204nam a2200337 i 450000100060000000300080000600500170001400600190003100700150005000800410006502000180010602000350012403500230015903500240018203500250020603500210023104000310025205000230028308200160030624500640032226400700038630000250045633600310048133700330051233800430054558801280058865000300071665000310074665500270077785600620080494593FlNmELB20241217172426.0m o d | cr cnu||||||||131226s2013 sp o 000 0 spa d z9788436234428 a9788436266368 (electronic bk.) a(MiAaPQ)EBC3216040 a(Au-PeEL)EBL3216040 a(CaPaEBR)ebr10803785 a(OCoLC)991982015 aFINmELBbspaerdacFINmELB 4aPH5035b.G745 20130 a499.92522300aGramática de la lengua vasca /cPatricio Urquizu Sarasua. 1aMadrid :bUniversidad Nacional de Educación a Distancia,c2013. a1 recurso en línea atextobtxt2rdacontent/spa acomputadorabc2rdamedia/spa arecurso en líneabcr2rdacarrier/spa aDescripción basada en recurso en línea; Título de la página del título en PDF (e-libro, visto December 26, 2013). 0aBasque languagexGrammar. 4aLengua vascaxGramática. 4aLibros electrónicos.40uhttps://elibro.net/ereader/politecnicointernacional/48629